Quizzes
Events
Quiz Creation
Community
Videos
Private Events
Remove Ads
Sign In
Join for FREE
Feedback
Dark Mode
Quiz Categories
Sports
Geography
Music
Movies
Television
Just For Fun
Miscellaneous
History
Literature
Language
Science
Gaming
Entertainment
Religion
Holiday
For Kids
Quiz Lab
Recent
Popular Today
Quiz Kudos Today
Editor Picks
Curator Picks
Quizzes by...
Day
Popularity
Type
Ratings
Length
Year
Community
Subscriptions
Recent Discussions
Orange Saloon
Badges
Playlists
Quests
Create
Leaderboards
Showdown
Live 5
Trivia Bingo
Activity
Puzzle Library
Sporcle Events
Private Events
Virtual Trivia
Globe League
Become a Host
Pub Owners
SporcleCon
Opinionation
Our Games
Videos
Blog
Mobile Apps
Partnerships
Remove Ads and Go Orange
Feedback
Sports
Athletes
MLB
NBA
NHL
NFL
Soccer
Sports Teams
WWE
NCAA
Football
Premier League
Basketball
Baseball
Hockey
Golf
Tennis
Cricket
Rugby
Auto Racing
Olympics
World Cup
Sports
Athletes
MLB
NBA
NHL
NFL
Soccer
Sports Teams
WWE
NCAA
Football
Premier League
Basketball
Baseball
Hockey
Golf
Tennis
Cricket
Rugby
Auto Racing
Olympics
World Cup
Random Quiz
Search Sporcle
×
Quiz Lab
Quiz Lab
Sports
Baseball
Type in answers that appear in a list
Type in answers that appear in a list
Classic
Best Score? Go Orange.
More Stolen Bases than Runs Stats
Can you name the Players with More Stolen Bases than Runs in a Season (Min. 300 PA, since 1898)?
By
havamattan
7m
18 Questions
108 Plays
108 Plays
108 Plays
Comments
Comments
Give Quiz Kudos
Give Quiz Kudos
-
- Ratings
hide this ad
Replay
Link that replays current quiz
Next Quiz
Link to next quiz in quiz playlist
You Got
0%
They Got
Avg Score
68%
Avg Friend Score
Upgrade to see
Score Distribution
Jump to the score distribution portion of the page
Score
0/18
Timer
07:00
0
Plays Today
Year&Team&Pos.
Player
% Correct
1982/
Athletics/
LF
Rickey Henderson
98.1%
1983/
Athletics/
LF
Rickey Henderson
98.1%
1985/
Cardinals/
LF
Vince Coleman
92.6%
1986/
Cardinals/
LF
Vince Coleman
92.6%
1988/
Cardinals/
LF
Vince Coleman
92.6%
1990/
Cardinals/
LF
Vince Coleman
92.6%
1974/
Cardinals/
LF
Lou Brock
91.7%
1981/
Expos/
LF
Tim Raines
90.7%
1965/
Dodgers/
SS
Maury Wills
84.3%
Year&Team&Pos.
Player
% Correct
2015/
Reds/
CF
Billy Hamilton
82.4%
1980/
Pirates/
CF
Omar Moreno
66.7%
1980/
Expos/
LF
Ron LeFlore
64.8%
1991/
Expos/
CF
Marquis Grissom
64.8%
2008/
Rockies/
CF
Willy Taveras
43.5%
1997/
Reds/
CF
Deion Sanders
29.6%
1984/
Blue Jays/
LF
Dave Collins
27.8%
1986/
Dodgers/
SS
Mariano Duncan
19.4%
1913/
Tigers/
3B
George Moriarty
5.6%
Quiz Playlist
Details
Report
Send in Message
Add To Playlist
Classic:
Type in answers that appear in a list
Last Updated: Jun 21, 2022
Quiz Scoreboard
CHALLENGE
Sign Up to Join the Scoreboard
Show All
Scores
Hide
Comments
May contain spoilers
Recently Published
An Introduction to Baseball
by treessimontrees
Sports
5m
Movies - When Are They Set?
by FPL_Elf
Movies
5m
Popular People in 1961
by mucciniale
History
6m
More to Explore
Quiz From the Vault
Featured Blog Post
Where Did the Easter Bunny Come From?
hide this ad
You Might Also Like...
Tags
Baseball Quiz
MLB Quiz
Most Stolen
stolen
Stolen Bases
Today's Top Quizzes in Sports
Browse Sports
hide this ad
Today's Top Quizzes in Baseball
Browse Baseball
Top Contributed Quizzes in Sports
1
Les meilleurs buteurs des matchs entre le PSG et l’OM
2
2022 World Cup Stars
3
FIFA Club World Cup Champions
4
Les entraîneurs de l'OM et du PSG au 21e siècle
5
Name the Premier League winners with different clubs
6
La finale Lions - Afrique du Sud 2021
7
Les joueurs passés par le LOSC et le RC Lens
8
Criteria MLB: Left Handed Sluggers
9
Players with Multiple 50 Home Run Seasons
10
5-to-1: UK Sports Teams
Explore More
Trending Topics
NBA
Marvel
Harry Potter
Anime
Disney
Crossword
Kpop
Puzzle
Pokémon
WWE
Soccer
NFL
The Office
Song
Country
hide this ad
More By:
havamattan
Quiz
Plays
Rating
Category
Featured
Created
HR Leaders of World Series Champs
10,600
4.76
Sports
Feb 19, 2017
First All-Black Lineup in MLB History
3,287
4.91
Sports
Jun 9, 2017
100 WAR Club (Minefield)
2,269
4.00
Sports
Mar 28, 2018
RBI Leader for every World Series Champion
1,784
4.75
Sports
Dec 12, 2017
WAR Leader for every World Series Champion
1,716
4.85
Sports
Dec 18, 2017
Go to Creator's Profile
Score Distribution
Quiz Creator Spotlight
havamattan
Follow
Send a Message
Quizzes Created
-
Created Quiz Play Count
-
More By This Creator
Popular Quizzes Today
1
Find the Countries of Europe - No Outlines Minefield
2
Find the US States - No Outlines Minefield
3
The Countries of the World
4
Popular People in 1961
5
US States
6
Find the US States
7
1-10 Letter E Words III
8
Risky Map Clicking: Biggest States A-Z
More Sports Quizzes
Formula One Crossword
Editor's Pick
Trending Quizzes
Risky Map Clicking: Least Populous States A-Z
1-10 Letter F Words
1-10 Letter G Words
One Thing in Common: United Kingdom
Not Quite an Element Typing Challenge
Recently Updated
Leaping Animals
pecheneg
Reality TV Shows (A-Z)
bhenderson79
Rickey Henderson's Hall of Fame Teammates
pecheneg
Champions League XIs: Arsenal
pecheneg
Quick Pick: Celebrities in WWE's Hall of Fame
aduchscher
A-Z Keypad Blitz II
pecheneg
Multiple Oscar Actors
pecheneg
Mystery Phrase Blitz: Oscar 'Best Actors'
pecheneg
F. Scott Fitzgerald Novels
LTH
Pick 3 Villains
ddd62291
Trending Topics
Anime
Crossword
Marvel
Harry Potter
Disney
Kpop
NBA
Country
Soccer
The Office
Pokémon
WWE
NFL
Puzzle
Song
Your Account Isn't Verified!
In order to create a playlist on Sporcle, you need to verify the email address you used during registration. Go to your
Sporcle Settings
to finish the process.
Report this User
Report this user for behavior that violates our
Community Guidelines
.
Details:
Send Report
Go to the Sporcle.com Mobile Site →
Comments